Design Patterns : (Record no. 16148)
[ view plain ]
| 000 -LEADER | |
|---|---|
| fixed length control field | 02274cam a2200385 a 4500 |
| 001 - CONTROL NUMBER | |
| control field | 1598167 |
| 005 - DATE AND TIME OF LATEST TRANSACTION | |
| control field | 19981112152315.2 |
| 008 - FIXED-LENGTH DATA ELEMENTS--GENERAL INFORMATION | |
| fixed length control field | 940902s1995 maua | b 001 0 eng d |
| 010 ## - LIBRARY OF CONGRESS CONTROL NUMBER | |
| LC control number | 94034264 |
| 020 ## - INTERNATIONAL STANDARD BOOK NUMBER | |
| International Standard Book Number | 0201633612 (acidfree paper) |
| 020 ## - INTERNATIONAL STANDARD BOOK NUMBER | |
| International Standard Book Number | 9780201633610 |
| 040 ## - CATALOGING SOURCE | |
| Original cataloging agency | DLC |
| Transcribing agency | DLC |
| Modifying agency | DLC |
| 050 00 - LIBRARY OF CONGRESS CALL NUMBER | |
| Classification number | QA76.64 |
| Item number | .D47 1995 |
| 082 00 - DEWEY DECIMAL CLASSIFICATION NUMBER | |
| Classification number | 005.12 |
| Edition number | 20 |
| Item number | GAM |
| 245 00 - TITLE STATEMENT | |
| Title | Design Patterns : |
| Remainder of title | Elements of Reusable Object-Oriented Software / |
| Statement of responsibility, etc | Erich Gamma ... [et al.]. |
| 260 ## - PUBLICATION, DISTRIBUTION, ETC. (IMPRINT) | |
| Place of publication, distribution, etc | Boston : |
| Name of publisher, distributor, etc | Addison-Wesley, |
| Date of publication, distribution, etc | c1995. |
| 300 ## - PHYSICAL DESCRIPTION | |
| Extent | xv, 395 p. : |
| Other physical details | ill.; |
| Dimensions | 25 cm. |
| 490 #0 - Series Statement | |
| Series statement | Addison-Wesley professional computing series |
| -- | 27551 |
| 504 ## - BIBLIOGRAPHY, ETC. NOTE | |
| Bibliography, etc | Includes bibliographical references (p. 375-381) and index. |
| 650 #0 - SUBJECT ADDED ENTRY--TOPICAL TERM | |
| Topical term or geographic name as entry element | Object-oriented programming (Computer science) |
| 9 (RLIN) | 27552 |
| 650 #0 - SUBJECT ADDED ENTRY--TOPICAL TERM | |
| Topical term or geographic name as entry element | Computer software |
| General subdivision | Reusability. |
| 9 (RLIN) | 27553 |
| 650 #0 - SUBJECT ADDED ENTRY--TOPICAL TERM | |
| Topical term or geographic name as entry element | Software patterns. |
| 9 (RLIN) | 27554 |
| 653 ## - INDEX TERM--UNCONTROLLED | |
| Resource For college | |
| Arrived date list | October2011 |
| 700 1# - ADDED ENTRY--PERSONAL NAME | |
| Personal name | Gamma, Erich. |
| 9 (RLIN) | 27555 |
| 942 ## - ADDED ENTRY ELEMENTS (KOHA) | |
| Source of classification or shelving scheme | Dewey Decimal Classification |
| Item type | Book - Borrowing |
| Withdrawn status | Item status | Source of classification or shelving scheme | Damaged status | Not for loan | Vendor | Home library | Current library | Shelving location | Date acquired | Source of acquisition | Cost, normal purchase price | Serial Enumeration / chronology | Total Checkouts | Total Renewals | Full call number | Barcode | Date last seen | Date last borrowed | Koha item type |
|---|---|---|---|---|---|---|---|---|---|---|---|---|---|---|---|---|---|---|---|
| Dewey Decimal Classification | Baccah | Central Library | Central Library | Lower Floor | 18/10/2011 | 230.00 | 13322 | 3 | 17 | 005.12 GAM | 000025431 | 15/07/2025 | 04/04/2022 | Book - Borrowing | |||||
| Dewey Decimal Classification | Baccah | Central Library | Central Library | Lower Floor | 20/03/2012 | 005.12 GAM | 000026491 | 15/07/2025 | NB - Book (Non borrowing) | ||||||||||
| Dewey Decimal Classification | Baccah | Central Library | Central Library | Lower Floor | 20/03/2012 | 2 | 23 | 005.12 GAM | 000026492 | 15/07/2025 | 10/06/2021 | Book - Borrowing | |||||||
| Dewey Decimal Classification | Baccah | Central Library | Central Library | Lower Floor | 20/03/2012 | 005.12 GAM | 000026493 | 15/07/2025 | Book - Borrowing | ||||||||||
| Dewey Decimal Classification | Baccah | Central Library | Central Library | Lower Floor | 20/03/2012 | 2 | 4 | 005.12 GAM | 000026494 | 17/09/2025 | 20/02/2025 | Book - Borrowing | |||||||
| Dewey Decimal Classification | Baccah | Central Library | Central Library | Lower Floor | 20/03/2012 | 3 | 37 | 005.12 GAM | 000026495 | 15/07/2025 | 07/02/2023 | Book - Borrowing | |||||||
| Dewey Decimal Classification | Baccah | Central Library | Central Library | Lower Floor | 20/03/2012 | 1 | 6 | 005.12 GAM | 000026496 | 15/07/2025 | 14/12/2014 | Book - Borrowing | |||||||
| Dewey Decimal Classification | Baccah | Central Library | Central Library | Lower Floor | 20/03/2012 | 1 | 005.12 GAM | 000026497 | 15/07/2025 | 14/05/2022 | Book - Borrowing |